MARC

Tag First Indicator Second Indicator Subfields
LEADER 00000cam a2200000 a 4500
001 in00000091238
005 20230801172803.0
008 811030s1980 it a b i000 0 eng
010 |a  81198341  
019 |a 7612025  |a 7903217 
020 |a 9251008450 
020 |a 9789251008454 
029 1 |a AU@  |b 000002723626 
029 1 |a HEBIS  |b 135497590 
029 1 |a NLGGC  |b 840679378 
029 1 |a NZ1  |b 2998904 
035 |a (OCoLC)ocm07518038  
035 |a (OCoLC)7518038  |z (OCoLC)7612025  |z (OCoLC)7903217 
035 |a (OCoLC)ocm07518038  
040 |a DLC  |b eng  |c DLC  |d BTCTA  |d OCLCG  |d OCLCO  |d OCLCQ  |d OCLCO  |d OCLCF  |d WURST  |d OCLCO 
043 |a w------ 
050 0 0 |a SF375.5.T76  |b M37 1980 
082 0 0 |a 636.3/00913  |2 19 
100 1 |a Mason, I. L.  |q (Ian Lauder),  |d 1914- 
245 1 0 |a Prolific tropical sheep /  |c by I.L. Mason ; with the assistance of the United Nations Environment Programme. 
260 |a Rome :  |b Food and Agriculture Organization of the United Nations,  |c 1980. 
300 |a 124 pages :  |b illustrations (some color) ;  |c 28 cm. 
336 |a text  |b txt  |2 rdacontent 
337 |a unmediated  |b n  |2 rdamedia 
338 |a volume  |b nc  |2 rdacarrier 
490 1 |a FAO animal production and health paper ;  |v 17 
504 |a Includes bibliographical references. 
650 0 |a Sheep  |z Tropics. 
650 0 |a Sheep breeds  |z Tropics. 
650 6 |a Moutons  |z Régions tropicales. 
650 6 |a Moutons  |x Races  |z Régions tropicales. 
650 7 |a Sheep.  |2 fast  |0 (OCoLC)fst01115460 
650 7 |a Sheep breeds.  |2 fast  |0 (OCoLC)fst01115539 
651 7 |a Tropics.  |2 fast  |0 (OCoLC)fst01240674 
653 0 0 |a rassen (dieren) 
653 0 0 |a breeds 
653 0 0 |a vruchtbaarheid 
653 0 0 |a fertility 
653 0 0 |a schapen 
653 0 0 |a sheep 
653 0 0 |a subtropen 
653 0 0 |a subtropics 
653 0 0 |a tropen 
653 0 0 |a tropics 
653 1 0 |a Small Ruminants (Sheep and Goats) 
653 1 0 |a Kleine herkauwers 
710 2 |a United Nations Environment Programme. 
776 0 8 |i Online version:  |a Mason, I. L. (Ian Lauder), 1914-  |t Prolific tropical sheep.  |d Rome : Food and Agriculture Organization of the United Nations, 1980  |w (OCoLC)1030144964 
830 0 |a FAO animal production and health paper ;  |v 17. 
938 |a Baker and Taylor  |b BTCP  |n 81198341 
948 |h HELD BY TXA - 102 OTHER HOLDINGS 
994 |a Z0  |b TXA 
999 f f |s b8f28fc8-f37a-33af-b782-b78106d4b1d6  |i 68fe0862-a490-30d9-bbca-ef5066d9178b  |t 0 
952 f f |p ric  |a Texas A&M University  |b Rellis Campus  |c Joint Library Facility  |d Remote Storage  |t 0  |e SF376.2 M28  |h Library of Congress classification  |i unmediated -- volume  |m A14806017874 
998 f f |a SF376.2 M28  |t 0  |l Remote Storage